| 000 | 00413nam a22001337a 4500 | ||
|---|---|---|---|
| 003 | OSt | ||
| 005 | 20240401114751.0 | ||
| 008 | 240401b |||||||| |||| 00| 0 eng d | ||
| 040 | _cCentral Library MRSPTU | ||
| 100 | _aCharless Darwin (ਚਾਰਲਸ ਡਾਰਵਿਨ) | ||
| 245 | _aManukh De Utpatii (ਮਨੁੱਖ ਦੀ ਉਤਪਤੀ) | ||
| 260 |
_aBarnala _bTarkbharti Parkashan _c2004 |
||
| 942 |
_2ddc _cBK _n0 |
||
| 999 |
_c9926 _d9926 |
||